000 00605nam a2200241Ia 4500
003 OSt
005 20221007082621.0
006 a|||||r|||| 00| 0
007 ta
008 221006b |||||||| |||| 00| 0 eng d
024 _a26,234
037 _cTextual
040 _aFLL
_cFLL
_beng
041 _2eng
_aeng
082 _aX7:8F.2.N77t,P, L7.5-.7
110 _aGovt. of India
245 0 _aPublic accounts committee
260 _c1975
300 _avi,1-253p
_ccm.
700 _aGovt. of India
942 _hX7:8F.2.N77t,P, L7.5-.7
_cTEXL
_2CC
999 _c1167092
_d1167092